[Event "Miedzynarodowy Festiwal Szachowy VARSOVIA 2019 - grupa A"]
[Site "Warszawa"]
[Date "1899-12-30"]
[Round "4.21"]
[White "Karwacki, Piotr"]
[Black "Czernek, Tymon"]
[Result "1-0"]
[WhiteTitle "I"]
[BlackTitle "I++"]
[WhiteElo "1952"]
[BlackElo "2097"]

1. e4 c5 2. Nf3 d6 3. Bb5+ Nd7 4. O-O Ngf6 5. Nc3 a6 6. Bxd7+ Bxd7 7. d4 cxd4 8.
Qxd4 e5 9. Qd3 h6 10. a4 Rc8 11. Nd2 Be6 12. Nd5 Bxd5 13. exd5 Be7 14. Nc4 O-O
15. Ne3 g6 16. f4 exf4 17. Rxf4 Nd7 18. Nc4 f5 19. g4 b5 20. axb5 axb5 21. Qe2
Kh8 22. Na5 Bg5 23. Nc6 Qf6 24. Rf1 Bxc1 25. Raxc1 Qg5 26. Kh1 fxg4 27. Qe6 Nf6
28. Ne7 Rce8 29. Ra1 g3 30. Rg1 Rxe7 31. Qxe7 Qxd5+ 32. Rg2 Rf7 33. Qd8+ Kg7 34.
Qa8 Qxa8 35. Rxa8 gxh2 36. Kxh2 Nd5 37. Rb8 Ne3 38. Re2 Nf5 39. Rf2 g5 40. Rxb5
Kg6 41. Rb8 h5 42. Rg8+ Kf6 43. b4 g4 44. b5 d5 45. b6 d4 46. Kg1 Ke6 47. Re8+
Kd7 48. b7 g3 49. Rxf5 1-0

[Event "Miedzynarodowy Festiwal Szachowy VARSOVIA 2019 - grupa A"]
[Site "Warszawa"]
[Date "1899-12-30"]
[Round "4.22"]
[White "Jarocka, Liwia"]
[Black "Goraj, Barbara"]
[Result "0-1"]
[WhiteTitle "FM"]
[BlackTitle "WCM"]
[WhiteElo "1907"]
[BlackElo "2044"]

1. e4 c5 2. Nf3 Nc6 3. d4 cxd4 4. Nxd4 Nf6 5. Nc3 d6 6. Bg5 e6 7. Qd2 a6 8. O-O-O
Bd7 9. f4 b5 10. Bxf6 gxf6 11. Kb1 b4 12. Nce2 Qb6 13. g4 h6 14. h4 O-O-O 15.
Bh3 Kb8 16. Rhe1 Be7 17. Bg2 Rc8 18. Nxc6+ Bxc6 19. Nd4 Bb7 20. Re3 Rhd8 21. f5
e5 22. Ne2 Rc4 23. b3 Rc5 24. c4 bxc3 25. Rxc3 d5 26. Rxc5 dxe4 27. Qxd8+ Bxd8
28. Rc2 Be7 29. Rd7 Ba3 30. Rxf7 Qf2 31. Nc1 Qg1 32. g5 fxg5 33. hxg5 hxg5 34.
Rg7 Bxc1 35. Rxc1 Qxg2 36. f6 Bd5 37. f7 Bxf7 38. Rxf7 e3 39. Rff1 Kb7 40. Rg1
Qe4+ 41. Kb2 Qd4+ 42. Kb1 g4 43. a4 Kb6 44. Ka2 Qd2+ 45. Ka3 e2 46. Rge1 g3 47.
Rg1 g2 48. Rge1 a5 49. Rg1 Kb7 50. Rge1 Qd4 51. Rg1 Qf2 52. Rce1 Kc6 53. Kb2 Kd5
54. Rc1 e1=Q+ 55. Rgxe1 0-1

[Event "Miedzynarodowy Festiwal Szachowy VARSOVIA 2019 - grupa A"]
[Site "Warszawa"]
[Date "1899-12-30"]
[Round "4.23"]
[White "Skurniak, Szymon"]
[Black "Janeczko, Jakub"]
[Result "0-1"]
[WhiteTitle "I+"]
[BlackTitle "I"]
[WhiteElo "2030"]
[BlackElo "1906"]

1. e4 c5 2. b3 g6 3. Bb2 Nf6 4. e5 Nd5 5. g3 Bg7 6. Bg2 Nc7 7. f4 d6 8. Na3 Nc6
9. Nc4 O-O 10. Ne2 Be6 11. exd6 exd6 12. Bxg7 Kxg7 13. O-O d5 14. Nb2 Re8 15.
h3 Qd6 16. Kh2 d4 17. Nc1 b5 18. Ncd3 Rad8 19. Rc1 c4 20. f5 Bd5 21. Bxd5 Qxd5
22. f6+ Kg8 23. Nf4 Qc5 24. bxc4 bxc4 25. d3 c3 26. Nc4 Nb4 27. a3 Nbd5 28. Ng2
Re6 29. Qg4 Nxf6 30. Qh4 g5 31. Rf5 Qxf5 0-1

[Event "Miedzynarodowy Festiwal Szachowy VARSOVIA 2019 - grupa A"]
[Site "Warszawa"]
[Date "1899-12-30"]
[Round "4.24"]
[White "Siekanska, Maria"]
[Black "Malaczek, Mateusz"]
[Result "1-0"]
[WhiteTitle "I++"]
[BlackTitle "II+"]
[WhiteElo "1773"]
[BlackElo "2028"]

1. d4 g6 2. c4 Bg7 3. Nc3 d6 4. e4 e5 5. Nf3 Nc6 6. d5 Nce7 7. Be2 h6 8. b4 a5
9. bxa5 Rxa5 10. Nd2 f5 11. a4 Nf6 12. Ba3 O-O 13. Bb4 Ra8 14. c5 Nxe4 15. Ndxe4
fxe4 16. cxd6 cxd6 17. Nxe4 Nf5 18. O-O Qh4 19. Bd3 Bd7 20. a5 Rad8 21. Rc1 Be8
22. Rc7 Bf7 23. g3 Qh3 24. Be2 Nh4 25. gxh4 Qxh4 26. Qd3 g5 27. Be1 Qf4 28. Bd2
Qh4 29. Ng3 e4 30. Qxe4 Rde8 31. Qd3 Rxe2 32. Qxe2 Bxd5 33. Qh5 Qa4 34. Bc3 Bf7
35. Nf5 Bxc3 36. Nxh6+ Kg7 37. Nxf7 1-0

[Event "Miedzynarodowy Festiwal Szachowy VARSOVIA 2019 - grupa A"]
[Site "Warszawa"]
[Date "1899-12-30"]
[Round "4.25"]
[White "Falkowski, Dawid"]
[Black "Czechowski, Jakub"]
[Result "1-0"]
[WhiteTitle "k"]
[BlackTitle "I+"]
[WhiteElo "1957"]
[BlackElo "1963"]

1. e4 e5 2. f4 exf4 3. Bc4 Ne7 4. Nc3 Ng6 5. d4 Bb4 6. Nf3 O-O 7. O-O c6 8. d5
Qe7 9. Qe2 Re8 10. Bd2 b5 11. Bb3 Ba6 12. Qf2 Bc5 13. Nd4 Qf6 14. Nce2 Bxd4 15.
Qxd4 Qxd4+ 16. Nxd4 c5 17. Nf5 c4 18. Nd6 Rf8 19. a4 cxb3 20. axb5 Bc8 21. cxb3
Na6 22. bxa6 Rb8 23. Rfc1 Ne7 24. Bxf4 Rxb3 25. Rc7 Rxb2 26. Rxa7 Ng6 27. Bg3
h5 28. h4 Rb3 29. Kh2 Rb8 30. Rc7 Ra8 31. a7 Ne7 32. Nc4 1-0

[Event "Miedzynarodowy Festiwal Szachowy VARSOVIA 2019 - grupa A"]
[Site "Warszawa"]
[Date "1899-12-30"]
[Round "4.26"]
[White "Bugajski, Robert"]
[Black "Hetzer, Volkhard"]
[Result "1-0"]
[WhiteTitle "FM"]
[BlackTitle ""]
[WhiteElo "2203"]
[BlackElo "1927"]

1. d4 d5 2. Nf3 Nf6 3. c4 c6 4. Nc3 a6 5. cxd5 cxd5 6. Bf4 Nc6 7. e3 e6 8. Bd3
Nh5 9. Be5 f5 10. O-O Nf6 11. Rc1 Be7 12. Na4 O-O 13. Qb3 Nd7 14. Qc3 g5 15. Nc5
Nxc5 16. dxc5 Nxe5 17. Nxe5 Bf6 18. f4 Qc7 19. b4 Bd7 20. h3 Bb5 21. Rfd1 Bxd3
22. Rxd3 h5 23. a4 Kg7 24. Qb2 Rfc8 25. Qd4 Kh7 26. Rdc3 Qg7 27. R3c2 Rg8 28.
Qd1 g4 29. c6 Bxe5 30. cxb7 Qxb7 31. fxe5 Rgc8 32. hxg4 hxg4 33. Qe1 Rxc2 34.
Rxc2 Rc8 35. Qh4+ Kg8 36. Qg5+ Kh7 37. Qh5+ Kg7 38. Qg5+ Kh7 39. Rxc8 Qxc8 40.
Qe7+ Kg6 41. Qc5 Qh8 42. Qd6 Qc8 43. Kh2 Kf7 44. b5 axb5 45. axb5 Qc3 46. Qd7+
Kf8 47. Qxe6 Qd3 48. Qf6+ Ke8 49. e6 g3+ 50. Kh3 Qxb5 51. Qf7+ 1-0

[Event "Miedzynarodowy Festiwal Szachowy VARSOVIA 2019 - grupa A"]
[Site "Warszawa"]
[Date "1899-12-30"]
[Round "4.27"]
[White "Wielecki, Zygmunt"]
[Black "Zarebska, Lena"]
[Result "1/2-1/2"]
[WhiteTitle "k"]
[BlackTitle "I++"]
[WhiteElo "2095"]
[BlackElo "1915"]

1. Nf3 Nf6 2. e3 g6 3. b3 Bg7 4. Bb2 d6 5. Be2 e5 6. d3 O-O 7. Nbd2 c6 8. O-O Qc7
9. c4 Nbd7 10. Qc2 Re8 11. Rfe1 a5 12. a3 Nf8 13. b4 axb4 14. axb4 Rxa1 15. Rxa1
Qe7 16. b5 Nh5 17. Ra7 cxb5 18. cxb5 Be6 19. Ba3 Rc8 20. Qa4 Qc7 21. Nc4 Bxc4
22. dxc4 Ne6 23. Ra8 Nc5 24. Rxc8+ Qxc8 25. Qd1 Qc7 26. Nd2 Nf6 27. Nb3 Nfe4 28.
Nxc5 dxc5 29. Bf3 Nf6 30. Bb2 1/2-1/2

[Event "Miedzynarodowy Festiwal Szachowy VARSOVIA 2019 - grupa A"]
[Site "Warszawa"]
[Date "1899-12-30"]
[Round "5.1"]
[White "Dzida, Kamil"]
[Black "Kowalczyk, Rafal"]
[Result "1-0"]
[WhiteTitle "k"]
[BlackTitle "k++"]
[WhiteElo "2090"]
[BlackElo "2242"]

1. e4 e5 2. Nf3 Nc6 3. Bb5 a6 4. Ba4 Nf6 5. O-O Be7 6. Re1 b5 7. Bb3 d6 8. c3 O-O
9. h3 Na5 10. Bc2 c5 11. d4 Nd7 12. a4 Bb7 13. d5 c4 14. Be3 Qc7 15. Na3 bxa4
16. Bxa4 Nb6 17. Bc2 f5 18. Rb1 f4 19. Bxb6 Qxb6 20. Qe2 Rac8 21. Bd1 Rc7 22.
Nd2 Qc5 23. Qf1 Bc8 24. Be2 Bh4 25. Nf3 Bd8 26. Bxc4 Nxc4 27. b4 Qa7 28. Nxc4
Rf6 29. Qd3 h6 30. Na5 Bd7 31. Nc6 Bxc6 32. dxc6 Qa8 33. Ra1 Qxc6 34. Rxa6 Qxc3
35. Rxd6 Be7 36. Qxc3 Rxc3 37. Rxf6 gxf6 38. Rb1 Bd8 39. Rb2 Rc1+ 40. Kh2 Bb6
41. g3 fxg3+ 42. Kxg3 Kf7 43. b5 Rc4 44. Nd2 Rc3+ 45. f3 Rc1 46. f4 exf4+ 47.
Kxf4 Rc3 48. Nf3 Bc7+ 49. e5 fxe5+ 50. Ke4 Ke6 51. b6 Bb8 52. Rb4 Bd6 53. b7 1-0

[Event "Miedzynarodowy Festiwal Szachowy VARSOVIA 2019 - grupa A"]
[Site "Warszawa"]
[Date "1899-12-30"]
[Round "5.2"]
[White "Kowalski, Igor"]
[Black "Kislinsky, Alexey"]
[Result "0-1"]
[WhiteTitle "FM"]
[BlackTitle "GM"]
[WhiteElo "2354"]
[BlackElo "2460"]

1. d4 Nf6 2. c4 g6 3. Nc3 Bg7 4. e4 d6 5. h3 O-O 6. Be3 c5 7. d5 e6 8. Nf3 Na6
9. Bd3 exd5 10. exd5 Nb4 11. Be2 Bf5 12. Rc1 Re8 13. a3 Na6 14. Bd3 Ne4 15. Nxe4
Bxe4 16. Bxe4 Rxe4 17. Qc2 Qa5+ 18. Nd2 Rae8 19. O-O R4e7 20. Rfe1 Nb8 21. Nf3
Nd7 22. Bd2 Qb6 23. b4 Ne5 24. Ng5 h6 25. Ne4 Nd7 26. Rb1 cxb4 27. axb4 Qd4 28.
Ng3 Rxe1+ 29. Bxe1 Nb6 30. c5 dxc5 31. bxc5 Nxd5 32. Rd1 Qe5 33. Qa2 a6 34. Qb3
Nc3 35. Rc1 Nb5 36. Bd2 Rd8 37. Be3 h5 38. c6 bxc6 39. Rxc6 Qa1+ 40. Rc1 Qb2 41.
Qa4 Nc3 42. Qc4 a5 43. Qc7 Re8 44. Bg5 h4 0-1

[Event "Miedzynarodowy Festiwal Szachowy VARSOVIA 2019 - grupa A"]
[Site "Warszawa"]
[Date "1899-12-30"]
[Round "5.3"]
[White "Kubicka, Anna"]
[Black "Eggink, Ryszard"]
[Result "1/2-1/2"]
[WhiteTitle "WIM"]
[BlackTitle "m"]
[WhiteElo "2221"]
[BlackElo "2402"]

1. e4 c5 2. Nf3 d6 3. Bb5+ Bd7 4. Bxd7+ Qxd7 5. c4 Nc6 6. Nc3 g6 7. d4 cxd4 8.
Nxd4 Bg7 9. Be3 Nf6 10. f3 O-O 11. Qd3 Rac8 12. b3 Rfd8 13. Rd1 e6 14. O-O d5
15. exd5 exd5 16. Nxc6 bxc6 17. cxd5 Nxd5 18. Nxd5 cxd5 19. Bd4 Bxd4+ 20. Qxd4
a5 21. Rc1 a4 1/2-1/2

[Event "Miedzynarodowy Festiwal Szachowy VARSOVIA 2019 - grupa A"]
[Site "Warszawa"]
[Date "1899-12-30"]
[Round "5.4"]
[White "Czerwonski, Aleksander"]
[Black "Bukojemski, Adam"]
[Result "1-0"]
[WhiteTitle "IM"]
[BlackTitle "k"]
[WhiteElo "2358"]
[BlackElo "2219"]

1. d4 Nf6 2. c4 g6 3. Nc3 d5 4. cxd5 Nxd5 5. Bd2 Bg7 6. e4 Nb6 7. Be3 O-O 8. h3
Nc6 9. Nf3 e5 10. d5 Ne7 11. Be2 Bd7 12. Qb3 Qb8 13. h4 c6 14. Bc5 Bf6 15. h5
Re8 16. hxg6 hxg6 17. Rd1 cxd5 18. exd5 Bf5 19. g4 Bxg4 20. Ne4 Bg7 21. Nfg5 Bxe2
22. Kxe2 Nf5 23. Qh3 Re7 24. Nf6+ Kf8 25. Ngh7# 1-0

[Event "Miedzynarodowy Festiwal Szachowy VARSOVIA 2019 - grupa A"]
[Site "Warszawa"]
[Date "1899-12-30"]
[Round "5.5"]
[White "Seemann, Jakub"]
[Black "Pacan-milej, Kosma"]
[Result "1/2-1/2"]
[WhiteTitle "I+"]
[BlackTitle "FM"]
[WhiteElo "2050"]
[BlackElo "2315"]

1. e4 c5 2. Nf3 Nc6 3. d4 cxd4 4. Nxd4 Nf6 5. Nc3 e5 6. Ndb5 d6 7. Bg5 a6 8. Na3
b5 9. Nd5 Be7 10. Bxf6 Bxf6 11. c3 Bg5 12. Nc2 Rb8 13. Ncb4 Nxb4 14. Nxb4 Bb7
15. Qd3 O-O 16. Be2 a5 17. Nd5 b4 18. c4 Bxd5 19. Qxd5 Qb6 20. O-O Rfd8 21. Bd1
Qc5 22. Ba4 Qxd5 23. cxd5 Rdc8 24. Bc6 Bd8 25. Rac1 Bb6 26. b3 Rc7 27. g3 g6 28.
Kg2 f5 29. f4 exf4 30. exf5 fxg3 31. hxg3 Rf8 32. fxg6 1/2-1/2

[Event "Miedzynarodowy Festiwal Szachowy VARSOVIA 2019 - grupa A"]
[Site "Warszawa"]
[Date "1899-12-30"]
[Round "5.6"]
[White "Fiszer, Bartosz"]
[Black "Chomczyk, Marek"]
[Result "1/2-1/2"]
[WhiteTitle "CM"]
[BlackTitle "k++"]
[WhiteElo "2146"]
[BlackElo "2274"]

1. e4 e5 2. Nf3 Nc6 3. Bb5 Nf6 4. d3 Bc5 5. Bxc6 dxc6 6. h3 Qe7 7. Qe2 Nd7 8. Nc3
f6 9. Be3 Bxe3 10. fxe3 Nb6 11. O-O-O Be6 12. Kb1 O-O-O 13. g4 g5 14. Rdg1 h5
15. gxh5 Rxh5 16. Nxe5 Rxh3 17. Rxh3 Bxh3 18. Nf3 Nd7 19. Nd4 Ne5 20. Rh1 Bd7
21. Qf2 Ng4 22. Qf3 Ne5 23. Qf2 Ng4 24. Qf3 Ne5 1/2-1/2

[Event "Miedzynarodowy Festiwal Szachowy VARSOVIA 2019 - grupa A"]
[Site "Warszawa"]
[Date "1899-12-30"]
[Round "5.7"]
[White "Chyzy, Jakub"]
[Black "Goslawski, Michal"]
[Result "1/2-1/2"]
[WhiteTitle "FM"]
[BlackTitle "k+"]
[WhiteElo "2291"]
[BlackElo "2157"]

1. e4 e5 2. Nc3 Nf6 3. Nf3 Nc6 4. d4 exd4 5. Nxd4 Bb4 6. Nxc6 bxc6 7. Bd3 d5 8.
exd5 cxd5 9. O-O O-O 10. Bg5 c6 11. Qf3 Bd6 12. h3 Re8 13. Rfe1 Be6 14. Ne2 c5
15. b3 h6 16. Bxf6 Qxf6 17. Qxf6 gxf6 18. Rad1 Red8 19. c4 d4 20. b4 a6 21. bxc5
Bxc5 22. Nf4 Re8 23. Nh5 Be7 24. Be4 Rac8 25. Bd5 Bd8 26. Rxd4 Kf8 27. Red1 f5
28. Bb7 Rb8 29. Bxa6 Bb6 30. R4d2 Re7 31. Nf4 Ba5 32. Nxe6+ Rxe6 33. Bb5 Bxd2
34. Rxd2 Ke7 35. g3 Rd6 36. Re2+ Re6 37. Rc2 f4 38. gxf4 Rf6 39. a4 Rxf4 40. c5
Rf6 41. c6 Rc8 42. Kf1 Re6 43. Rd2 Rd6 44. Re2+ Re6 45. Rc2 Rc7 46. Kg2 Re5 47.
Rc4 Kd6 48. Kg3 f6 49. Kf4 Rce7 50. h4 Kc7 51. f3 Rd5 52. Kg4 h5+ 53. Kf4 Ree5
54. Rb4 Rf5+ 55. Kg3 Rc5 56. Rb3 Kd6 57. Re3 Rfe5 58. Rd3+ Red5 59. Re3 Re5 60.
Rb3 Rf5 61. Ra3 Rfd5 62. Re3 Re5 1/2-1/2

[Event "Miedzynarodowy Festiwal Szachowy VARSOVIA 2019 - grupa A"]
[Site "Warszawa"]
[Date "1899-12-30"]
[Round "5.8"]
[White "Kokoszczynski, Jan"]
[Black "Rahul Kumar, Pune"]
[Result "1-0"]
[WhiteTitle "k"]
[BlackTitle ""]
[WhiteElo "2264"]
[BlackElo "2148"]

1. e4 g6 2. d4 Bg7 3. Nc3 d6 4. Nge2 Nf6 5. h3 b5 6. e5 dxe5 7. dxe5 Qxd1+ 8. Kxd1
Nfd7 9. Nxb5 Na6 10. f4 O-O 11. Be3 Bb7 12. c3 g5 13. fxg5 Nxe5 14. Nf4 c5 15.
Be2 Rfc8 16. Ke1 Nc7 17. Nxc7 Rxc7 18. Kf2 Rb8 19. Rhd1 Be4 20. Rd2 c4 21. Rad1
Nd3+ 22. Nxd3 cxd3 23. Bf3 Bxf3 24. Kxf3 f6 25. gxf6 Bxf6 26. Ke4 Rd7 27. b3 Bxc3
28. Rxd3 Rc7 29. Rd7 Rb4+ 30. Kf3 Rbb7 31. Rxc7 Rxc7 32. Rc1 a6 33. Ke4 Kf7 34.
Bd2 1-0

[Event "Miedzynarodowy Festiwal Szachowy VARSOVIA 2019 - grupa A"]
[Site "Warszawa"]
[Date "1899-12-30"]
[Round "5.9"]
[White "Siekanski, Janusz"]
[Black "Malicka, Maria"]
[Result "1-0"]
[WhiteTitle "k"]
[BlackTitle "WCM"]
[WhiteElo "2206"]
[BlackElo "2104"]

1. d4 Nf6 2. c4 e6 3. Nc3 Bb4 4. e3 O-O 5. Bd3 d5 6. a3 Bxc3+ 7. bxc3 b6 8. cxd5
exd5 9. Ne2 Ba6 10. O-O c5 11. f3 Bxd3 12. Qxd3 Re8 13. Ng3 Nc6 14. Bb2 Qd7 15.
e4 dxe4 16. fxe4 Qg4 17. e5 Nd5 18. Rf3 Nde7 19. Ne4 Ng6 20. Rg3 Qd7 21. h4 Ncxe5
22. dxe5 Qxd3 23. Rxd3 Nxe5 24. Rg3 Ng6 25. h5 Rxe4 26. hxg6 hxg6 27. Rd1 c4 28.
Rf3 Rae8 29. a4 a6 30. Rd6 R8e6 31. Rd8+ Re8 32. Rxe8+ Rxe8 33. Kf2 Rd8 34. Ke2
f6 35. Rf4 b5 36. a5 Kf7 37. Ba3 g5 38. Re4 Rd7 39. Bc5 Rc7 40. Bb6 Rc8 41. Bf2
g6 42. Rd4 Ke6 43. Bg3 Rc6 44. Rd8 f5 45. Bf2 Rd6 46. Ra8 Ke5 47. Bb6 Rd3 48.
Bd4+ Kd5 49. Bg7 Rg3 50. Kf2 Rd3 51. Rxa6 Rd2+ 52. Kf1 Ra2 53. Bf8 Ke4 54. Re6+
Kd5 55. Rxg6 Rxa5 56. Rxg5 Ke4 57. Bb4 Ra7 58. Rg8 Rd7 59. Re8+ Kf4 60. Ke2 Rd3
61. Rb8 Rd5 62. Rc8 Kg3 63. Rg8+ Kf4 64. g3+ Ke5 65. Re8+ Kf6 66. Rc8 Kg5 67.
Rc5 Rd3 68. Rxb5 Rxg3 69. Rc5 Rg4 70. Rc8 Re4+ 71. Kd2 f4 72. Bc5 f3 73. Be3+
Kg4 74. Rd8 Kg3 75. Rd4 Re8 76. Rxc4 Rf8 77. Re4 f2 78. Bxf2+ Kxf2 79. c4 Kf3
80. Rh4 Rd8+ 81. Kc3 Rc8 82. Rh5 Ke4 83. c5 Rc7 84. Kc4 Rc8 85. Kb5 Rb8+ 86. Ka6
Rb1 87. c6 Ra1+ 88. Kb6 Rb1+ 89. Rb5 Rc1 90. c7 Kd5 1-0

[Event "Miedzynarodowy Festiwal Szachowy VARSOVIA 2019 - grupa A"]
[Site "Warszawa"]
[Date "1899-12-30"]
[Round "5.10"]
[White "Praczukowski, Stanislaw"]
[Black "Martins, David Pires Tavares"]
[Result "1/2-1/2"]
[WhiteTitle "k"]
[BlackTitle "IM"]
[WhiteElo "2078"]
[BlackElo "2422"]

1. d4 d6 2. Nf3 f5 3. g3 Nf6 4. Bg2 g6 5. b4 Bg7 6. Bb2 O-O 7. c4 e5 8. dxe5 Ng4
9. Qb3 Nxe5 10. Nbd2 Qe7 11. O-O Nbc6 12. a4 Be6 13. Rac1 Rad8 14. Rfd1 f4 15.
Nxe5 dxe5 16. Bd5 fxg3 17. hxg3 Nd4 18. Bxd4 exd4 19. Nf3 c6 20. Bxe6+ Qxe6 21.
Kg2 g5 22. Qd3 h6 23. c5 Rd5 24. Rc4 Rdf5 25. Kg1 Qf7 26. Nxd4 Bxd4 27. Rxd4 Rxf2
28. Rd8 Rf1+ 29. Rxf1 Qxf1+ 30. Kh2 Qf2+ 31. Kh3 Qf1+ 32. Kg4 h5+ 33. Kxh5 Qf7+
34. Kg4 Qe6+ 35. Kh5 Qf7+ 36. Kg4 Qe6+ 1/2-1/2

[Event "Miedzynarodowy Festiwal Szachowy VARSOVIA 2019 - grupa A"]
[Site "Warszawa"]
[Date "1899-12-30"]
[Round "5.11"]
[White "Vysochin, Spartak"]
[Black "Smieszek, Wojciech"]
[Result "1/2-1/2"]
[WhiteTitle "GM"]
[BlackTitle "k"]
[WhiteElo "2512"]
[BlackElo "2140"]

1. e4 c5 2. Nf3 g6 3. c3 Bg7 4. d4 cxd4 5. cxd4 d5 6. e5 Nh6 7. Bf4 Bg4 8. Qd2
Bxf3 9. Bxh6 Bxh6 10. Qxh6 Qb6 11. gxf3 Qxb2 12. Qd2 Qxa1 13. Bb5+ Nd7 14. O-O
Rc8 15. Qb4 Rc7 16. Qa5 b6 17. Bxd7+ Rxd7 18. Qb5 a6 19. Qxb6 O-O 20. Qc6 Rfd8
21. Nc3 Qb2 22. Rb1 Qd2 23. Qc5 Qg5+ 24. Kf1 Qf5 25. Kg2 f6 26. Re1 fxe5 27. Rxe5
Qf7 28. Na4 Rf8 29. Qc3 Qf4 30. Nc5 Rc7 31. Rxd5 Rc6 32. Re5 Qf7 33. a4 Rf6 34.
Re3 Qd5 35. Ne4 Rf4 36. Qc5 e6 37. a5 Qf5 38. Ng3 Qxc5 39. dxc5 Ra4 40. Rxe6 Rxa5
41. Ne4 Ra3 42. c6 Raxf3 43. c7 R3f7 44. Nf6+ Kg7 45. Ne8+ Rxe8 46. Rxe8 Rxc7
47. Ra8 Rc6 48. Ra7+ Kh6 49. h4 Rc4 50. Kg3 Ra4 51. Kh3 Ra3+ 52. Kg2 a5 53. f3
Ra1 54. Kg3 Rg1+ 55. Kh2 Ra1 56. Kg3 1/2-1/2

[Event "Miedzynarodowy Festiwal Szachowy VARSOVIA 2019 - grupa A"]
[Site "Warszawa"]
[Date "1899-12-30"]
[Round "5.12"]
[White "Kolasinski, Krzysztof"]
[Black "Mikhaletz, Lubomir"]
[Result "1/2-1/2"]
[WhiteTitle "I++"]
[BlackTitle "GM"]
[WhiteElo "2115"]
[BlackElo "2386"]

1. d4 d6 2. e4 Nf6 3. Nc3 Nc6 4. Nf3 Bg4 5. Bb5 a6 6. Bxc6+ bxc6 7. h3 Bh5 8. Qd3
e6 9. O-O Be7 10. Bg5 O-O 11. e5 Bg6 12. Qe3 Nd5 13. Bxe7 Qxe7 14. Nxd5 cxd5 15.
c3 a5 16. b3 Rfc8 17. Rac1 a4 18. c4 dxc4 19. Rxc4 axb3 20. axb3 Rab8 21. Rfc1
Rb7 22. R1c3 d5 23. Rc5 h6 24. Qc1 Kh7 25. Kh2 Be4 26. Nd2 Bf5 27. Nf3 Ra7 28.
b4 Rca8 29. b5 Bg6 30. Rxc7 Qb4 31. Rxa7 Rxa7 32. Rc8 Qxb5 33. Qc5 Qxc5 34. dxc5
Bd3 35. c6 Ra4 36. Rc7 Bb5 37. Rxf7 Bxc6 38. Re7 d4 39. Rxe6 Bxf3 40. gxf3 g5
41. Rd6 Ra2 42. Kg3 Re2 43. Rxd4 Rxe5 44. f4 Re1 45. fxg5 hxg5 46. Kg4 Re2 47.
Rd7+ Kg6 48. Rd6+ Kg7 49. Rd7+ Kg6 50. Rd6+ Kf7 51. f3 Rg2+ 52. Kf5 Rg3 53. Rd7+
Kf8 54. Rd8+ Kf7 55. Rd7+ Kf8 56. Rd3 Kf7 57. Rd7+ Kf8 58. Rd8+ Kf7 59. Rd7+ 1/2-1/2

[Event "Miedzynarodowy Festiwal Szachowy VARSOVIA 2019 - grupa A"]
[Site "Warszawa"]
[Date "1899-12-30"]
[Round "5.13"]
[White "Licznerski, Lukasz"]
[Black "Luczak, Filip"]
[Result "1-0"]
[WhiteTitle "FM"]
[BlackTitle "CM"]
[WhiteElo "2373"]
[BlackElo "2137"]

1. c4 Nf6 2. g3 g6 3. Bg2 Bg7 4. Nf3 O-O 5. O-O d6 6. Nc3 c5 7. d4 Nc6 8. d5 Na5
9. Qd3 a6 10. e4 Rb8 11. Rb1 Bg4 12. b3 b5 13. Bf4 Bxf3 14. Bxf3 Nd7 15. cxb5
axb5 16. a4 Nxb3 17. Nxb5 Nd4 18. Nxd4 Bxd4 19. Bh6 Ne5 20. Qa3 Re8 21. Be2 Qa5
22. Qa2 Ra8 23. Bb5 Reb8 24. Qe2 f6 25. Kg2 Qc3 26. Rfc1 Qa3 27. Rc2 g5 28. Ra2
Qc3 29. Rc2 Qa3 30. h4 Nf7 31. Ra2 Qc3 32. Rc2 Qa3 33. hxg5 fxg5 34. Ra2 Qc3 35.
Rc2 Qa3 36. Rh1 Bf6 37. Qg4 Qb3 38. Re2 Rxb5 39. axb5 Qxb5 40. f4 Kh8 41. fxg5
Rg8 42. Rf2 Qd3 43. Qf5 Rg6 44. Qc8+ Rg8 45. Qf5 Rg6 46. Rh3 Nxh6 47. Rxh6 Rxh6
48. gxh6 Kg8 49. Qg4+ Kf7 50. Qg7+ Ke8 51. Qxh7 c4 52. Qg6+ Kd7 53. h7 Bd4 54.
Rf8 Qe2+ 55. Kh3 Kc7 56. Qg4 Qd2 57. Qc8+ Kb6 58. Qc6+ Ka5 59. Ra8+ Kb4 60. Ra4+
Kb3 61. Qxc4+ 1-0

[Event "Miedzynarodowy Festiwal Szachowy VARSOVIA 2019 - grupa A"]
[Site "Warszawa"]
[Date "1899-12-30"]
[Round "5.14"]
[White "Chylewski, Patryk"]
[Black "Karwacki, Piotr"]
[Result "1/2-1/2"]
[WhiteTitle "FM"]
[BlackTitle "I"]
[WhiteElo "2357"]
[BlackElo "1952"]

1. d4 Nf6 2. c4 g6 3. Nc3 Bg7 4. e4 d6 5. Nf3 O-O 6. Be2 e5 7. O-O Nc6 8. dxe5
Nxe5 9. Nd4 Be6 10. b3 Ned7 11. Be3 Nc5 12. f3 Nfd7 13. Qd2 Re8 14. Rac1 Ne5 15.
Rfd1 a6 16. Qe1 Qe7 17. Qg3 Nc6 18. f4 Nxd4 19. Bxd4 Bxd4+ 20. Rxd4 f5 21. Bf3
fxe4 22. Nxe4 Nxe4 23. Bxe4 Qf6 24. Rcd1 Rab8 25. Qf3 b5 26. cxb5 axb5 27. Bc6
Rf8 28. Qe2 Qf5 29. Be4 Qf6 30. g3 Rfe8 31. Qc2 Bg4 32. R1d2 Qe7 33. Bd5+ Kh8
34. Re4 Qg7 35. Qb2 Qxb2 36. Rxb2 Rxe4 37. Bxe4 Bf5 38. Bf3 Kg7 39. g4 Bd7 40.
Kf2 c6 41. Rd2 d5 42. Ke3 Re8+ 43. Kd4 Rf8 44. Ke5 Rf6 45. g5 Rf5+ 46. Kd6 Be8
47. Rd4 h6 48. Ke7 c5 49. Rxd5 Rxf4 50. Kxe8 Rxf3 51. Rxc5 hxg5 52. Rxb5 g4 53.
Rg5 Rf4 54. Ke7 Kh6 55. Rc5 1/2-1/2

[Event "Miedzynarodowy Festiwal Szachowy VARSOVIA 2019 - grupa A"]
[Site "Warszawa"]
[Date "1899-12-30"]
[Round "5.15"]
[White "Niekras, Dawid"]
[Black "Golecki, Jan"]
[Result "1-0"]
[WhiteTitle "FM"]
[BlackTitle "I++"]
[WhiteElo "2331"]
[BlackElo "2053"]

1. e4 c5 2. Nf3 e6 3. d4 cxd4 4. Nxd4 Nf6 5. Nc3 Nc6 6. Ndb5 d6 7. Bf4 e5 8. Bg5
a6 9. Na3 b5 10. Nd5 Be7 11. Bxf6 Bxf6 12. c3 Bg5 13. Nc2 Rb8 14. g3 Ne7 15. Ncb4
Bb7 16. a4 O-O 17. axb5 axb5 18. h4 Bh6 19. Bg2 f5 20. exf5 Nxf5 21. Qd3 g5 22.
Be4 Ra8 23. Rxa8 Qxa8 24. Bxf5 Rxf5 25. Qxf5 Bxd5 26. Nxd5 Qxd5 27. O-O gxh4 28.
Qg4+ Bg7 29. Rd1 Qa8 30. Qe6+ Kh8 31. Qxd6 Qf3 32. Qb8+ 1-0

[Event "Miedzynarodowy Festiwal Szachowy VARSOVIA 2019 - grupa A"]
[Site "Warszawa"]
[Date "1899-12-30"]
[Round "5.16"]
[White "Goraj, Barbara"]
[Black "Koziorowicz, Michal"]
[Result "1/2-1/2"]
[WhiteTitle "WCM"]
[BlackTitle "k"]
[WhiteElo "2044"]
[BlackElo "2184"]

1. e4 c5 2. Nf3 d6 3. d4 cxd4 4. Nxd4 Nf6 5. Nc3 g6 6. Be3 Bg7 7. f3 O-O 8. Qd2
Nc6 9. g4 Bxg4 10. fxg4 Nxg4 11. Nb3 a5 12. Bb5 Nce5 13. Qe2 Nxe3 14. Qxe3 Qc8
15. Qe2 Bh6 16. Nd5 Qh3 17. Nd4 Qh4+ 18. Kd1 e6 19. Rg1 Rac8 20. Nb6 Rc5 21. c3
d5 22. Na4 Rxb5 23. Nxb5 dxe4 24. Nd4 Nf3 25. Kc2 Nxg1 26. Rxg1 e3 27. Nc5 Rc8
28. Rg4 Qf2 29. Nd3 Qxe2+ 30. Nxe2 f5 31. Rd4 g5 32. Rd6 Re8 33. h3 f4 34. Ng1
Bg7 35. Nf3 h6 36. Nde5 Kf8 37. Kd1 Ke7 38. Rd7+ Kf8 39. Ke2 b5 40. Rb7 Rd8 41.
Rxb5 a4 42. Ra5 Bxe5 43. Rxe5 Rb8 44. b4 axb3 45. axb3 Rxb3 46. Rxe6 Kg7 47. c4
Rc3 48. Re4 Kf6 49. Rd4 Ke6 50. Re4+ Kf5 51. Re5+ Kf6 52. Re4 Rc2+ 53. Kd3 Rf2
54. Nd4 Rd2+ 55. Kc3 Rh2 56. c5 Rxh3 57. c6 e2+ 58. Kb2 Re3 59. Rxe3 fxe3 60.
Nxe2 Ke5 1/2-1/2

[Event "Miedzynarodowy Festiwal Szachowy VARSOVIA 2019 - grupa A"]
[Site "Warszawa"]
[Date "1899-12-30"]
[Round "5.17"]
[White "Janeczko, Jakub"]
[Black "Adamski, Jan"]
[Result "0-1"]
[WhiteTitle "I"]
[BlackTitle "IM"]
[WhiteElo "1906"]
[BlackElo "2170"]

1. e4 c5 2. Nf3 e6 3. d4 cxd4 4. Nxd4 a6 5. Be2 Qc7 6. O-O Nf6 7. Nc3 d6 8. f4
Be7 9. Qe1 b5 10. Bd3 Bb7 11. f5 e5 12. Nf3 Nbd7 13. a3 O-O 14. Qg3 Rfe8 15. Bg5
d5 16. Nd2 b4 17. Nxd5 Bxd5 18. exd5 bxa3 19. bxa3 Nxd5 20. Bh6 Qb6+ 0-1

[Event "Miedzynarodowy Festiwal Szachowy VARSOVIA 2019 - grupa A"]
[Site "Warszawa"]
[Date "1899-12-30"]
[Round "5.18"]
[White "Stachanczyk, Jacek"]
[Black "Siekanska, Maria"]
[Result "1-0"]
[WhiteTitle "IM"]
[BlackTitle "I++"]
[WhiteElo "2160"]
[BlackElo "1773"]

1. c4 e6 2. g3 d5 3. Bg2 c5 4. Nf3 Nc6 5. O-O Nf6 6. b3 Be7 7. Bb2 d4 8. e3 e5
9. exd4 exd4 10. d3 O-O 11. Nbd2 Bg4 12. h3 Bf5 13. Ne1 Qd7 14. g4 Nxg4 15. hxg4
Bxg4 16. f3 Bh3 17. Ne4 Bxg2 18. Nxg2 f5 19. Ng3 Ne5 20. f4 Ng4 21. Qf3 Rad8 22.
Rfe1 Rfe8 23. Re2 g6 24. Rae1 Kf7 25. Nh1 b6 26. Nf2 h5 27. Bc1 Bf6 28. Nh3 h4
29. Bd2 Rxe2 30. Rxe2 Re8 31. Be1 Rxe2 32. Qxe2 Qd8 33. Bf2 g5 34. fxg5 Bxg5 35.
Nxg5+ Qxg5 36. Bxh4 Qc1+ 37. Qf1 1-0